Street speak 2 : (Record no. 11826)
[ view plain ]
| 000 -LEADER | |
|---|---|
| fixed length control field | 00598cam a2200205 a 4500 |
| 020 ## - INTERNATIONAL STANDARD BOOK NUMBER | |
| ISBN | 1891888064 |
| 040 ## - CATALOGING SOURCE | |
| Transcribing agency | JCV |
| 082 00 - DEWEY DECIMAL CLASSIFICATION NUMBER | |
| Classification number | 428 SLA 2000 A022 Co. |
| 100 1# - MAIN ENTRY--AUTHOR NAME | |
| Personal name | Burke, David, |
| 245 10 - TITLE STATEMENT | |
| Title | Street speak 2 : |
| Remainder of title | complete course in American slang & idioms / |
| 246 3# - VARYING FORM OF TITLE | |
| Title proper/short title | Street speak two |
| 246 34 - VARYING FORM OF TITLE | |
| Title proper/short title | Slangman guide to street speak 2 |
| 260 ## - PUBLICATION, DISTRIBUTION, ETC. (IMPRINT) | |
| Place of publication | Studio City, CA : |
| Name of publisher | Slangman Pub., |
| Year of publication | c2000. |
| 300 ## - PHYSICAL DESCRIPTION | |
| Number of Pages | xi, 216 : |
| Other physical details | ill. ; |
| Dimensions | 28 cm. |
| 500 ## - GENERAL NOTE | |
| General note | "Self-teaching & classroom series." |
| 650 #0 - SUBJECT ADDED ENTRY--TOPICAL TERM | |
| Topical Term | English language |
| 650 #0 - SUBJECT ADDED ENTRY--TOPICAL TERM | |
| Topical Term | English language |
| 650 #0 - SUBJECT ADDED ENTRY--TOPICAL TERM | |
| Topical Term | Americanisms. |
| 942 ## - ADDED ENTRY ELEMENTS (KOHA) | |
| Koha item type | សៀវភៅភាសាអង់គ្លេស |
| 952 ## - LOCATION AND ITEM INFORMATION (KOHA) | |
| Withdrawn status [LOCAL, KOHA] | 0 |
| Permanent Location | Date acquired | Koha item type | Lost status | Shelving location | Barcode | Current Location | Full call number |
|---|---|---|---|---|---|---|---|
| Library Block A | 2017-08-07 | សៀវភៅភាសាអង់គ្លេស | A022 | A16003 | Library Block A | 428 SLA 2000 A022 Or. |